England National Football Team Players: R - Statistics

General Stats
  • This quiz has been taken 15 times
  • The average score is 20 of 67
Answer Stats
Caps Goals First Cap Last Cap Player % Correct
13 1 2006 2012 Micah Richards
92%
1 0 1898 1898 Charlie Richards
83%
1 0 1909 1909 George Richards
83%
1 0 1973 1973 John Richards
83%
1 0 1994 1994 Kevin Richardson
75%
8 2 2005 2006 Kieran Richardson
75%
20 4 1957 1962 Bobby Robson
67%
90 26 1980 1991 Bryan Robson
67%
2 2 1933 1933 Jimmy Richardson
67%
120 53 2003 2018 Wayne Rooney
67%
1 0 1935 1935 William Richardson
67%
1 0 1921 1921 Albert Read
58%
72 6 2019 2025 Declan Rice
58%
6 0 1983 1984 Graham Roberts
50%
68 18 2016 2025 Marcus Rashford
50%
12 1 2024 2025 Morgan Rogers
50%
41 0 2003 2007 Paul Robinson
50%
2 2 1923 1924 Tommy Roberts
50%
3 0 1887 1890 Bob Roberts
42%
3 0 1905 1905 Charlie Roberts
42%
4 2 1924 1925 Frank Roberts
42%
1 0 1931 1931 Harry Roberts
42%
1 0 1931 1931 Herbie Roberts
42%
4 3 1937 1938 Jackie Robinson
42%
11 0 1897 1901 Jack Robinson
42%
17 1 1995 1999 Jamie Redknapp
33%
1 0 1976 1976 Jimmy Rimmer
33%
5 0 2021 2024 Aaron Ramsdale
25%
29 0 2016 2019 Danny Rose
25%
4 2 1930 1931 Ellis Rimmer
25%
1 0 1953 1953 George Robb
25%
17 0 1980 1984 Graham Rix
25%
6 2 1971 1977 Joe Royle
25%
2 0 1979 1980 Kevin Reeves
25%
1 0 2017 2017 Nathan Redmond
25%
13 0 1985 1988 Peter Reid
25%
32 3 1948 1953 Alf Ramsey
17%
1 0 1933 1933 Arthur Rowe
17%
14 0 1988 1992 David Rocastle
17%
8 2 1892 1897 Jack Reynolds
17%
6 6 1948 1952 Jack Rowley
17%
1 0 1894 1894 Joe Reader
17%
5 0 1884 1891 William Rose
17%
1 0 1921 1921 Archibald Rawlings
8%
2 0 1922 1922 Bill Rawlings
8%
2 0 1889 1892 Bill Rowley
8%
1 0 1883 1883 Bruce Russell
8%
5 0 1982 1987 Cyrille Regis
8%
3 0 2011 2013 Jack Rodwell
8%
1 0 2013 2013 Jay Rodriguez
8%
2 0 1969 1971 John Radford
8%
1 0 2012 2012 John Ruddy
8%
1 0 2002 2002 Michael Ricketts
8%
1 0 1994 1994 Neil Ruddock
8%
2 0 1993 1997 Stuart Ripley
8%
5 3 1927 1927 Arthur Rigby
0%
6 4 1954 1956 Don Revie
0%
4 0 1895 1896 George Raikes
0%
3 0 1904 1905 Harry Ruddlesdin
0%
1 0 1875 1875 Herbert Rawson
0%
6 0 1926 1929 Jimmy Ruffell
0%
11 3 1904 1908 Jock Rutherford
0%
1 0 1882 1882 John Rawlinson
0%
3 0 1968 1971 Paul Reaney
0%
1 0 1953 1953 Stan Rickaby
0%
2 0 1881 1881 Thurston Rostron
0%
2 0 1875 1877 William Rawson
0%
No matching quizzes found
Score Distribution
Percent of People with Each Score
Percentile by Number Answered
Your Score History
You have not taken this quiz